Aussenwirtschaft Schweizerische Zeitschrift für internationale Wirtschaftsbeziehungen

Na minha lista:
Detalhes bibliográficos
Formato: Periódico
Idioma:alemão
Publicado em: Zürich Rüegger 2001
Assuntos:
Tags: Adicionar Tag
Sem tags, seja o primeiro a adicionar uma tag!

MARC

LEADER 00000nas2a2200000 4500
001 0006456
005 20160720111950.7
022 |a 0004-8216 
041 0 |a ger 
044 |a CH 
245 1 0 |a Aussenwirtschaft  |b Schweizerische Zeitschrift für internationale Wirtschaftsbeziehungen 
264 1 |a Zürich  |b Rüegger  |c 2001 
300 |a 1 zv. 
773 0 |w eu_un_cat*s120084 
610 2 0 |a vzťahy hospodárske medzinárodné 
610 2 0 |a politika zahraničnohospodárska 
610 2 0 |a obchod zahraničný